| LEADER | 01528nam a2200313 a 4500 | ||
|---|---|---|---|
| 001 | 00082135 | ||
| 003 | GR-PaULI | ||
| 008 | 120427s1994 nyu b 001 0 eng d | ||
| 015 | |2 ΒΒ |2 101337 | ||
| 020 | |a 0471600008 |q (χαρτόδετο) | ||
| 040 | |a GrPaTEI |b gre |c GR-PaULI | ||
| 082 | 0 | 4 | |a 570 |2 22 |
| 082 | 0 | 4 | |a 574 |2 20 |
| 100 | 1 | |a Brum, Gilbert D. | |
| 245 | 1 | 0 | |a Biology : |b exploring life / |c Gil Brum, Larry McKane, Gerry Karp. |
| 250 | |a 2nd ed. | ||
| 260 | |a New York ; Chichester : |b Wiley, |c c1994 | ||
| 300 | |a xxx, [1084] σ. : |b εικ., πίν. ; |c 28 εκ. | ||
| 504 | |a Περιλαμβάνει βιβλιογραφικές παραπομπές και ευρετήριο. | ||
| 505 | 0 | |a Part 1. Biology: The study of life -- Part 2. Chemical and cellular foundations -- Part 3. The genetic basis of life -- Part 4. Form and function of plant life -- Part 5. Form and function of animal life -- Part 6. Evolution -- Part 7. The kingdom of life: Diversity and classification -- Part 8. Ecology and animal behavior. | |
| 650 | 0 | |a Biology | |
| 650 | 7 | |a Βιολογία | |
| 653 | |a βιολογία |a Biology |a evolution |a chemical |a cellular |a plant |a animal |a evolution |a ecology |2 eclas | ||
| 700 | 1 | |a Karp, Gerry | |
| 700 | 1 | |a McKane, Larry | |
| 942 | |2 ddc | ||
| 952 | |0 0 |1 0 |2 ddc |4 0 |6 570_000000000000000_BRU |7 0 |9 256664 |a LISK |b LISK |c BSC |d 2021-01-17 |e 24 |f 0 |g 0.00 |l 0 |o 570 BRU |p 92410013854 |r 2021-01-17 00:00:00 |t 1 |w 2021-01-17 |y BK15 |x 19991024 0 1 |x GrPaTEI | ||
| 971 | |a .b23630383 |b 14-04-20 |c 16-09-15 | ||
| 999 | |c 150194 |d 150194 | ||